Všetko, čo viem o kráse vlasov

Bibliographic Details
Main Authors: Gröhling, Branislav, 1974- (Author), Kadlečíková, Maja, 1972- (Author)
Other Authors: Homola, Dodo (Illustrator), Dudášová, Desana (Photographer)
Format: Book
Language:Slovak
PhysicalDescription:102 s. fareb. fotogr. 23 cm
Published: Bratislava Ikar 2004
ISBN:8055108242
Edition:[1. vyd.]
Subjects:

MARC

LEADER 00000nam a2200000 a 4500
001 vtls001475737
003 SK-MaSNL
005 20260301100256.0
008 240318s2004 xo a slo
015 |a SNBA2004/08-04753 
020 |a 8055108242 
035 |a SNK000431038 
035 |a urn:nbn:sk:snk-amlulx 
035 |a urn:nbn:sk:snk-am00ccvu 
035 |a A33B9CA5-4FB5-4ABC-9B1E-749770057CCC 
040 |a SNK  |b slo  |c SNK  |e AACR2 
041 0 |a slo 
044 |a xo  |c SK 
072 7 |a 646  |x Odievanie. Starostlivosť o telo  |2 konspekt 
080 |a 646.72  |2 1981 
080 |a 687.53  |2 1981 
080 |a (035)  |2 1981 
100 1 |a Gröhling, Branislav,  |d 1974-  |4 aut  |9 236149 
245 1 0 |a Všetko, čo viem o kráse vlasov  |c Brani Gröhling, Maja Kadlečíková ; [foto: Desana Dudášová ; ilustrácie: Dodo Homola] 
250 |a [1. vyd.] 
260 |a Bratislava  |b Ikar  |c 2004 
300 |a 102 s.  |b fareb. fotogr.  |c 23 cm 
500 |a Fareb. fotogr. na tit. strane 
650 0 7 |a starostlivosť o vlasy  |2 SNKPH  |9 51429 
650 0 7 |a účesy  |2 SNKPH  |9 25244 
655 7 |a príručky  |2 SNKPH  |9 74364 
700 1 |a Kadlečíková, Maja,  |d 1972-  |4 aut  |9 166756 
700 1 |a Homola, Dodo  |4 ill  |9 432838 
700 1 |a Dudášová, Desana  |4 pht  |9 8559 
919 |a 80-551-0824-2 
968 |d 64 
999 |c 685780  |d 687710 
952 |t P60, <03>, [BOOK], {603}  |a SNK  |b SNK  |y PREZ  |7 0  |p 17A0432210  |o snkSB 68644  |i snkKSP 7247/2004  |0 0  |1 0  |4 0  |d 2004-06-01  |f 1  |l 0  |r 2017-06-30 00:00:00  |w 2026-02-23 
952 |t P60, <04>, [BOOK], {604}  |a SNK  |b SNK  |y VYP  |7 0  |p 17A0432211  |o snkSB 68644 D1  |i snkKSP 7248/2004  |0 0  |1 0  |4 0  |d 2004-06-01  |l 0  |r 2005-01-02 00:00:00  |w 2026-02-23